| 000 | 01239nam a2200313 c 4500 | ||
|---|---|---|---|
| 003 | BLK | ||
| 005 | 20180422114646.0 | ||
| 008 | 180411b bul|||||r ||||||| ||bul|| | ||
| 010 | _aKNG00182990000 | ||
| 040 | _aBLK | ||
| 041 |
_aBUL _cBUL |
||
| 080 |
_aНемска литература _b821.112.2 _x-31 _z821.112.2-31 |
||
| 100 | 1 |
_aФьолкнер, Бено _eпърви автор _9135281 |
|
| 700 | 1 |
_aТеодоров, Иван _eпрев. от нем. _9382402 |
|
| 700 | 1 |
_aВеселинов, Венцеслав _eхудож. _9316485 |
|
| 139 |
_aФьолкнер, Бено _bФ 98 |
||
| 245 | 1 | 0 |
_aДолината на сърдитата река _bРоман за юноши _cБено Фьолкнер; прев. от нем. Иван Теодоров; худож. Венцеслав Веселинов. |
| 257 | _aDEU | ||
| 260 |
_аСофия _bОтечество _c1989 |
||
| 300 |
_a272 с. _bс ил. _c22 см |
||
| 380 | _aX | ||
| 500 | _aОриг. загл. Das Tal des Zornigen Baches / Benno Voelkner. | ||
| 653 | _aромани | ||
| 852 | _aЦб 163750 | ||
| 856 | 4 |
_qpdf _u |
|
| 856 | 4 |
_qpdf _u |
|
| 942 |
_cKNG _n0 |
||
| 944 |
_aCR _c30.09.2015 _lф / _kКина_Георгиева |
||
| 944 |
_aED _c05.07.2017 _lф / _kЛюдмила_Стоянова |
||
| 999 |
_c174504 _d174504 |
||